Economic theory as a conceptual framework for analyzing the problem of the allocation and financing of resources for education /

Gespeichert in:
Bibliographische Detailangaben
1. Verfasser: Thoumi, Francisco Elias
Format: Text
Tags: Tag hinzufügen
Keine Tags, Fügen Sie den ersten Tag hinzu!

MARC

LEADER 00000 a a2200000 04500
001 45639
003
040 |a CRAI/IIS  |c CRAI/IIS 
100 |a Thoumi, Francisco Elias  
245 |a Economic theory as a conceptual framework for analyzing the problem of the allocation and financing of resources for education /  |c Francisco Elias Thoumi  
773 |g páginas 12-21  
999 |c 18330  |d 18330